000 01006nam a2200181 a 4500
001 48400
005 20180714032709.0
008 140415d 000 0 eng d
020 _a1930865562
041 _aeng
082 _a379.260973
_bEDU
245 0 0 _aEDUCATIONAL FREEDOM
250 _a1a ed.
260 _a[s.l.] :
_bCATO INSTITUTE,
_c[s.f.]
300 _a359
_c15.5 x 3 x 23.5
520 _aEN ESTA COLECCION, UNA DOCENA DE LIDERES ESCOLARES, EDUCADORES Y REFORMAS EXAMINA LA LEGALIDAD DE BROWN V. BOARD Y ESTA RELACION PARA LOS DIAS MODERNOS EN LA ELECCION DE MOVIMIENTOS ESCOLARES. UN ADMINISTRADOR Y UN PRIVILEGIADO FUNDADOR TAMBIEN SON CAMBIADOS Y LOS OBSTACULOS POR MAESTROS EN TRATAR DE AYUDAR A SUS ESTUDIANTES, JUNTOS ESTOS EXPERTOS INCLUYENDO A ANDREW COUL SON HOWARD FULLER, FLOYD FLAKE, FREDERICK HESS Y PAUL E. PETERSON EXPONEN LAS BARRERAS MODERNAS QUE PRIVAN LOS NI
650 1 4 _aEDUCACION URBANA
_xIGUALDAD DE OPORTUNIDADES EN EDUCACION
_xEDUCACION
_xESTADOS UNIDOS
999 _c48400
_d48400